Find That Country 6 (Hot/Cold) Quiz Stats

 Plays Quiz not verified by Sporcle

Support Sporcle.
Go Orange.
Score 0/5 Timer 05:00
0 Plays Today
Country Guess % Correct
Country 5Poland
89.4%
Country 3Suriname
76%
Country 1Lebanon
72.4%
Country 2Liberia
64.3%
Country 4Brunei
60.4%

You're not logged in!

Compare scores with friends on all Sporcle quizzes.
OR
Log In

From the Vault

Video Game Taglines

by Nando

My personal favorite - One giant step on mankind.
Remove Ads.
Support Sporcle.
Get the best of Sporcle when you Go Orange. This ad-free experience offers more features, more stats, and more fun while also helping to support Sporcle. Thank you for becoming a member.

Show Comments

Extras

Created Mar 18, 2012ReportNominate
Tags:Country Quiz, cold, hot

Top Quizzes Today


Score Distribution

Your Account Isn't Verified!

In order to create a playlist on Sporcle, you need to verify the email address you used during registration. Go to your Sporcle Settings to finish the process.

Report this User

Report this user for behavior that violates our Community Guidelines.

Details: